000 00316 a2200157 4500
001 169715
020 _a
040 _cMagnum
100 _aCazarré, Lourenço
240 1 0 _aA guerra do lanche
_lpor
245 1 0 _aA guerra do lanche
362 0 _a1899
440 1 _aÁtica
697 _aJ/FICCAO
942 _cBK
999 _c169715
_d169715